Groupes de choses - Le chiffre 2 - Statistiques

Statistiques générales
  • Ce quiz a été pris 5 135 fois
    4 510 depuis la dernière actualisation
  • Le résultat moyen est 41 sur 70
Statistiques - réponses
Indice Paire % Correct
PAYS DONT LE NOM COMMENCE PAR Z Zimbabwe
93%
CITES DETRUITES PAR UNE BOMBE ATOMIQUE Hiroshima
89%
FONDATEURS DE ROME Romulus
89%
AMANTS DE CLEOPATRE Jules César
87%
FONDATEURS DE ROME Rémus
87%
PAYS DONT LE NOM COMMENCE PAR Z Zambie
87%
CAPITALES DES PAYS-BAS Amsterdam
85%
CITES DETRUITES PAR UNE BOMBE ATOMIQUE Nagasaki
85%
PAYS ENCLAVES EN ITALIE Vatican
85%
MEMBRE DU 1ER COUPLE DE LA BIBLE Adam
83%
PLUS GRANDS PARTIS AMERICAINS Républicain
83%
MEMBRE DU 1ER COUPLE DE LA BIBLE Eve
82%
UNE DES DEUX PLUS ANCIENNES UNIVERSITES ANGLAISES Oxford
82%
UNE DES DEUX PLUS GRANDES ILES ITALIENNES Sicile
81%
PLUS GRANDS PARTIS AMERICAINS Démocrate
80%
PAYS DE LA PENINSULE HISPANIQUE Espagne
79%
PAYS DE LA PENINSULE HISPANIQUE Portugal
79%
PAYS ENCLAVES EN ITALIE Saint-Marin
77%
SOEURS WILLIAMS Serena
77%
TROPIQUES Cancer
75%
TROPIQUES Capricorne
75%
CHAMBRE DU PARLEMENT FRANCAIS Sénat
74%
PAYS FRONTALIER DES EU Canada
72%
PAYS FRONTALIER DES EU Mexique
71%
1ERS DROIDES STARWARS R2-D2
71%
DISCIPLINES DU BIATHLON Tir
71%
UNE DES DEUX PLUS GRANDES ILES ITALIENNES Sardaigne
70%
ETATS AMERICAINS NOM INITIALE D au nom quasiment identique Dakota-du-nord
68%
ETATS AMERICAINS NOM INITIALE D au nom quasiment identique Dakota-du-sud
68%
POEMES D'HOMERE Odyssée
67%
DEPARTEMENTS DE CORSE Haute-Corse
65%
DEUX SUITES DU FILMS LES BRONZES Les Bronzés font du ski
65%
DEPARTEMENTS DES ANTILLES Guadeloupe
64%
DEPARTEMENTS DES ANTILLES Martinique
63%
DISCIPLINES DU BIATHLON Ski de fond
63%
DEUX ETATS AMERICAINS DE L'EST INITIALE C au nom quasiment identique Caroline-du-Nord
62%
DEUX ETATS AMERICAINS DE L'EST INITIALE C au nom quasiment identique Caroline-du-Sud
62%
ETATS AMERICAINS INITIALE V au nom quasiment identique Virginie
62%
DEPARTEMENTS DE CORSE Corse-du-Sud
60%
SOEURS WILLIAMS Venus
60%
CHAMBRE DU PARLEMENT FRANCAIS Assemblée nationale
59%
1ERS DROIDES STARWARS C3-PO
59%
UNE DES DEUX PLUS ANCIENNES UNIVERSITES ANGLAISES Cambridge
57%
POEMES D'HOMERE Iliade
55%
CAPITALES DE LA BOLIVIE La Paz
55%
DEPARTEMENTS FRANCAIS INITIALE O Oise
54%
DEPARTEMENTS D'ALSACE Bas-Rhin
53%
OS AVANT-BRAS Cubitus
53%
DEPARTEMENTS D'ALSACE Haut-Rhin
53%
OS AVANT-BRAS Radius
52%
CAPITALES DE LA BOLIVIE Sucre
49%
ETATS AMERICAINS INITIALE V au nom quasiment identique Virginie-occidentale
47%
FAMILLES DE ROMEO ET JULIETTE Capulet
45%
FILS ENNEMIS D'ADAM ET EVE Caïn
44%
DEPARTEMENTS FRANCAIS INITIALE O Orne
41%
FILS ENNEMIS D'ADAM ET EVE Abel
39%
CAPITALES DES PAYS-BAS La Haye
34%
FAMILLES DE ROMEO ET JULIETTE Montaigu
33%
AMANTS DE CLEOPATRE Marc-Antoine
32%
DEUX SUITES DU FILMS LES BRONZES Les Bronzés 3
23%
CITES DETRUITES DE LA BIBLE Sodome
23%
CITES DETRUITES DE LA BIBLE Gomorrhe
20%
UN DES MARIS DE JACQUELINE BOUVIER (nom) Kennedy
13%
LUNES DE MARS Phobos
12%
GANGS DANS WEST SIDE STORY Sharks
12%
GANGS DANS WEST SIDE STORY Jets
10%
UN DES MARIS DE JACQUELINE BOUVIER (nom) Onassis
10%
LUNES DE MARS Déimos
9%
2 FOIS TROIS FRERES ROMAINS Horaces
6%
2 FOIS TROIS FRERES ROMAINS Curiaces
5%
Aucun quiz correspondant
Distribution des résultats
% des personnes avec chaque résultat
Percentile par nombre de réponses
Votre historique - résultats
Vous n’avez pas pris ce quiz depuis la dernière actualisation